| 000 | 00882cam a22002893a 4500 | ||
|---|---|---|---|
| 001 | 913 | ||
| 003 | PGUSA | ||
| 005 | 20140828082954.0 | ||
| 008 | 970501s1997||||xxu|||||s|||||000 1 eng d | ||
| 040 |
_aPGUSA _beng |
||
| 042 | _adc | ||
| 050 | 4 | _aPG | |
| 100 | 1 |
_aLermontov, Mikhail Iurevich, _d1814-1841 |
|
| 245 | 1 | 2 |
_aA Hero of Our Time _h[electronic resource] / _cMikhail Iurevich Lermontov |
| 260 |
_bProject Gutenberg, _c1997 |
||
| 506 | _aPublic domain in the USA. | ||
| 516 | _aElectronic text | ||
| 653 | _aPsychological fiction | ||
| 653 | _aRussia -- Social life and customs -- 1533-1917 -- Fiction | ||
| 653 | _aCaucasus -- Fiction | ||
| 653 | _aRussia -- History, Military -- 1801-1917 -- Fiction | ||
| 700 | 1 | _aWisdom, J. H. | |
| 700 | 1 | _aMurray, Marr | |
| 830 | 0 |
_aProject Gutenberg _v913 |
|
| 856 | 4 | 0 | _uhttp://www.gutenberg.org/ebooks/913 |
| 942 | _cEB | ||
| 999 |
_c230264 _d230264 |
||